[Event "36th World Junior Girls"]
[Site "Manavgat TUR"]
[Date "2018.09.05"]
[Round "1.10"]
[White "Unuk, Laura"]
[Black "Stanciu, Ioana-Georgiana"]
[Result "1-0"]
[WhiteElo "2299"]
[BlackElo "2000"]
[PlyCount "103"]
[EventDate "2018.09.05"]

1. d4 d5 2. c4 e6 3. Nc3 c6 4. e4 dxe4 5. Nxe4 Bb4+ 6. Bd2 Bxd2+ 7. Qxd2 Nf6 8.
Nxf6+ Qxf6 9. Nf3 Na6 10. Rd1 O-O 11. b4 Rd8 12. Bd3 Qe7 13. a3 e5 14. dxe5 Bg4
15. Qe3 Re8 16. O-O Bxf3 17. Qxf3 Qxe5 18. h4 Rad8 19. g3 Nc7 20. Kg2 Rd6 21.
Bb1 Rxd1 22. Rxd1 Qe7 23. Rd3 Ne6 24. Re3 g6 25. h5 Qg5 26. hxg6 hxg6 27. c5
Rd8 28. Ba2 Re8 29. Re4 Kg7 30. Rh4 Qe5 31. Re4 Qf6 32. Qe3 Re7 33. Bxe6 Rxe6
34. Rxe6 fxe6 35. Qd3 Qf7 36. Qd4+ Kh7 37. g4 g5 38. Qe5 Kg6 39. Kg3 Qd7 40.
Qd6 Qf7 41. f4 gxf4+ 42. Qxf4 Qd7 43. Qd6 Qf7 44. Qd8 Kg7 45. Qg5+ Kf8 46. Qf4
e5 47. Qxf7+ Kxf7 48. Kf3 b6 49. Ke4 Kf6 50. g5+ Kxg5 51. Kxe5 bxc5 52. bxc5
1-0

[Event "36th World Junior Girls"]
[Site "Manavgat TUR"]
[Date "2018.09.08"]
[Round "5.28"]
[White "Stanciu, Ioana-Georgiana"]
[Black "Sankova, Stella"]
[Result "1/2-1/2"]
[WhiteElo "2000"]
[BlackElo "2081"]
[PlyCount "114"]
[EventDate "2018.09.05"]

1. e4 c5 2. Nf3 d6 3. d4 cxd4 4. Nxd4 Nf6 5. Nc3 a6 6. h3 e5 7. Nde2 h5 8. Bg5
Be6 9. Nd5 Bxd5 10. exd5 Be7 11. c4 Nbd7 12. Nc3 Qa5 13. Qd2 Nc5 14. Rb1 Nfe4
15. Nxe4 Qxd2+ 16. Bxd2 Nxe4 17. Be3 Rc8 18. Bd3 Nc5 19. Be2 f5 20. f3 Kf7 21.
b4 Nd7 22. Kd2 Kg6 23. g4 hxg4 24. hxg4 fxg4 25. Bd3+ Kf7 26. fxg4 Rxh1 27.
Rxh1 e4 28. Rf1+ Kg8 29. Be2 Ne5 30. Rc1 Kf7 31. Bf4 Ng6 32. Be3 Ne5 33. Ke1
Ke8 34. Kf1 Kd7 35. c5 Bd8 36. Kg2 Be7 37. g5 Rf8 38. Rf1 Rc8 39. Bf4 Nf3 40.
c6+ bxc6 41. Bxa6 Rh8 42. dxc6+ Kxc6 43. a4 d5 44. Rc1+ Kb6 45. b5 Bxg5 46.
Bc7+ Ka7 47. Rc6 Nh4+ 48. Kf1 Rf8+ 49. Ke2 Nf5 50. Bb6+ Kb8 51. Bc7+ Ka7 52.
Be5 d4 53. Rc7+ Kb6 54. Rb7+ Ka5 55. Bc7+ Kb4 56. b6 Kc3 57. Be5 Ng3+ 1/2-1/2

[Event "36th World Junior Girls"]
[Site "Manavgat TUR"]
[Date "2018.09.10"]
[Round "6.24"]
[White "Du, Yuxin"]
[Black "Stanciu, Ioana-Georgiana"]
[Result "1/2-1/2"]
[WhiteElo "2146"]
[BlackElo "2000"]
[PlyCount "112"]
[EventDate "2018.09.05"]

1. e4 c5 2. Nf3 Nc6 3. Bb5 g6 4. Bxc6 dxc6 5. O-O Bg7 6. h3 e5 7. d3 Qd6 8.
Nbd2 Be6 9. Ng5 Nf6 10. Qe2 O-O 11. Nxe6 Qxe6 12. Nc4 Nh5 13. Qg4 Qe7 14. Bg5
Qc7 15. g3 Rae8 16. Be3 b6 17. Qd1 Qe7 18. Kh2 Nf6 19. f4 exf4 20. Bxf4 Rd8 21.
Qf3 h6 22. Be5 Ng4+ 23. hxg4 Bxe5 24. Nxe5 Qxe5 25. Qf6 Qxf6 26. Rxf6 c4 27.
Rd1 c5 28. b3 cxd3 29. Rxd3 Rxd3 30. cxd3 Rd8 31. Rf3 Kf8 32. Kg2 Ke7 33. Kf2
Rd6 34. Ke2 Rf6 35. Re3 Re6 36. Kd2 Rf6 37. Ke2 Re6 38. Kd2 Re5 39. Rf3 Rg5 40.
Rf4 h5 41. gxh5 Rxh5 42. Kc3 Rh2 43. a3 Ra2 44. a4 Ke6 45. Rf3 Re2 46. b4 cxb4+
47. Kxb4 Rb2+ 48. Kc3 Rb1 49. d4 Ra1 50. Kb3 Re1 51. e5 Rb1+ 52. Kc4 Rc1+ 53.
Kb5 Rc7 54. Rf6+ Kd5 55. Rd6+ Ke4 56. e6 fxe6 1/2-1/2

[Event "36th World Junior Girls"]
[Site "Manavgat TUR"]
[Date "2018.09.13"]
[Round "9.25"]
[White "Stanciu, Ioana-Georgiana"]
[Black "Pychova, Nela"]
[Result "0-1"]
[WhiteElo "2000"]
[BlackElo "2173"]
[PlyCount "116"]
[EventDate "2018.09.05"]

1. e4 c5 2. Nf3 Nc6 3. d4 cxd4 4. Nxd4 e5 5. Nb5 a6 6. Nd6+ Bxd6 7. Qxd6 Qe7 8.
Qd2 Nf6 9. Nc3 d6 10. b3 O-O 11. Ba3 Rd8 12. O-O-O b5 13. Nd5 Nxd5 14. exd5 Nb8
15. Bd3 Nd7 16. g4 Nf6 17. f3 Bb7 18. Be4 Nxe4 19. fxe4 a5 20. Kb1 b4 21. Bb2
Ba6 22. h4 Rf8 23. h5 h6 24. Bc1 f6 25. Qf2 Bc8 26. Rdg1 a4 27. Be3 Qc7 28. Qd2
Qc3 29. Qxc3 bxc3 30. Rh3 Rf7 31. Bf2 Rc7 32. Bb6 Rb7 33. Be3 Rb4 34. Bc1 Rxe4
35. Rxc3 Bxg4 36. Rc6 axb3 37. axb3 Rd8 38. c4 f5 39. b4 Rd7 40. b5 Be2 41.
Bxh6 Rxc4 42. b6 Rb4+ 43. Kc2 Kh7 44. Bg5 Bf3 45. Be3 Bxd5 46. Rc8 Rc4+ 47.
Rxc4 Bxc4 48. Kc3 Ba6 49. Rg5 f4 50. Bg1 Rf7 51. Rg6 Rf6 52. Rg4 Kh6 53. Bf2
Bb7 54. Kc4 d5+ 55. Kd3 d4 56. Kd2 Rxb6 57. Kc2 Be4+ 58. Kc1 Rb1+ 0-1

[Event "36th World Junior Girls"]
[Site "Manavgat TUR"]
[Date "2018.09.14"]
[Round "10.33"]
[White "Aksoy, Ayca"]
[Black "Stanciu, Ioana-Georgiana"]
[Result "0-1"]
[WhiteElo "1898"]
[BlackElo "2000"]
[PlyCount "102"]
[EventDate "2018.09.05"]

1. d4 d5 2. Nf3 c6 3. c4 e6 4. Nc3 dxc4 5. a4 Bb4 6. e3 b5 7. Ne5 Qc7 8. Qg4 g6
9. axb5 cxb5 10. Qf4 Bb7 11. Nxg6 Qxf4 12. Nxf4 Nf6 13. Bd2 a6 14. f3 Nc6 15.
Ke2 Rd8 16. Rg1 Na5 17. g4 Nb3 18. Rd1 Nxd2 19. Rxd2 Nd5 20. Nfxd5 Bxd5 21. Bg2
Rg8 22. h3 a5 23. Nxd5 Rxd5 24. Rc2 Ke7 25. f4 Rd6 26. g5 Rc8 27. Be4 a4 28. h4
f5 29. gxf6+ Kxf6 30. Rg5 Rb6 31. h5 Rc7 32. d5 exd5 33. Bxd5 Rg7 34. Rxg7 Kxg7
35. Kf3 a3 36. bxa3 Bxa3 37. Ra2 Ra6 38. e4 c3 39. e5 Ra4 40. Rg2+ Kh6 41. e6
Bd6 42. Be4 b4 43. Bc2 Ra3 44. Re2 Be7 45. Ke4 b3 46. Bd3 Ra2 47. Re1 Rd2 48.
f5 c2 49. Rc1 b2 50. Rxc2 b1=Q 51. Rxd2 Qb4+ 0-1

[Event "36th World Junior Girls"]
[Site "Manavgat TUR"]
[Date "2018.09.15"]
[Round "11.22"]
[White "Stanciu, Ioana-Georgiana"]
[Black "Mahalakshmi, M."]
[Result "0-1"]
[WhiteElo "2000"]
[BlackElo "2213"]
[PlyCount "132"]
[EventDate "2018.09.05"]

1. e4 c6 2. Nc3 d5 3. Nf3 Nf6 4. exd5 cxd5 5. d4 g6 6. Bf4 Bg7 7. Bd3 Nc6 8.
Qd2 O-O 9. Bh6 Nb4 10. Bxg7 Nxd3+ 11. Qxd3 Kxg7 12. O-O-O Bf5 13. Qe3 Rc8 14.
Nh4 Be6 15. f4 Qd7 16. h3 b5 17. Kb1 b4 18. Ne2 Ne4 19. Ng3 Qa4 20. Nxe4 Qxc2+
21. Ka1 Qxe4 22. Qg3 Rc6 23. f5 Bxf5 24. Rhe1 Rfc8 25. Qg5 Qc2 26. Nxf5+ Qxf5
27. Qxe7 Qf2 28. Qxb4 Qxg2 29. h4 Qg4 30. a3 Qxh4 31. Qa5 Qd8 32. Qxa7 h5 33.
Rf1 R6c7 34. Qa6 Rc4 35. Rf4 R8c6 36. Qb7 Rc7 37. Qb5 Rc1+ 38. Rxc1 Rxc1+ 39.
Ka2 Qc7 40. Rf2 Qc4+ 41. Qxc4 dxc4 42. Rd2 c3 43. bxc3 Rxc3 44. d5 h4 45. d6
Rc8 46. Kb3 g5 47. Kb4 g4 48. Kb5 h3 49. Rh2 f5 50. d7 Rd8 51. Kc6 f4 52. Kc7
Rxd7+ 53. Kxd7 g3 54. Rxh3 g2 55. Rf3 g1=Q 56. Rxf4 Qa7+ 57. Ke6 Qxa3 58. Rg4+
Kf8 59. Re4 Qa6+ 60. Kf5 Kf7 61. Kf4 Kf6 62. Re3 Qc4+ 63. Re4 Qd3 64. Re3 Qd4+
65. Re4 Qf2+ 66. Kg4 Qf5+ 0-1

[Event "XXXVI Mondiale Junior fem 2018"]
[Site "Manavgat TUR"]
[Date "2018.09.07"]
[Round "3.21"]
[White "Haussernot, Cecile"]
[Black "Stanciu, Ioana-Georgiana"]
[Result "1-0"]
[WhiteElo "2237"]
[BlackElo "2000"]
[PlyCount "111"]
[EventDate "2018.09.05"]

1. e4 c5 2. Nc3 d6 3. f4 g6 4. Nf3 Bg7 5. Bb5+ Bd7 6. Bc4 e6 7. O-O Ne7 8. d3
Nbc6 9. f5 gxf5 10. Ng5 Ne5 11. Qh5 N7g6 12. exf5 exf5 13. Re1 Kf8 14. Rxe5
Bxe5 15. Nxf7 Qh4 16. Qxh4 Nxh4 17. Nxe5 dxe5 18. Bh6+ Ke8 19. Nd5 Rc8 20. Re1
Ng6 21. h4 b5 22. h5 bxc4 23. hxg6 Be6 24. g7 Rg8 25. Nf6+ Ke7 26. Nxg8+ Rxg8
27. Rxe5 Kd6 28. Bf4 cxd3 29. cxd3 Rxg7 30. b4 cxb4 31. Ra5+ Ke7 32. Rxa7+ Kf6
33. Be5+ Kxe5 34. Rxg7 Bxa2 35. Rb7 b3 36. Rb4 Kd5 37. d4 Ke4 38. Kf2 f4 39.
Ke2 h5 40. Kd2 h4 41. Kc3 h3 42. gxh3 f3 43. Kd2 b2 44. d5+ Ke5 45. Rxb2 Bxd5
46. Ke3 Kf5 47. Rb5 Ke6 48. h4 Ba8 49. Rb8 Bd5 50. Rf8 Ke7 51. Rf5 Ke6 52. Rf4
Ke7 53. h5 Bf7 54. h6 Bg6 55. Kxf3 Bh7 56. Kg4 1-0

[Event "C.N. copii, juniori, tineret - Fete 20 "]
[Site "Calimanesti"]
[Date "2018.03.27"]
[Round "1.2"]
[White "Toba, Andreea-Valentina"]
[Black "Stanciu, Ioana-Georgiana"]
[Result "0-1"]
[WhiteElo "1576"]
[BlackElo "1999"]
[PlyCount "102"]
[EventDate "2018.03.27"]
[EventRounds "7"]

1. Nf3 Nf6 2. g3 d5 3. Bg2 Bg4 4. O-O Nc6 5. d3 Qd7 6. Nbd2 O-O-O 7. c3 h6 8.
Qc2 Bh3 9. b4 Bxg2 10. Kxg2 e6 11. b5 Ne7 12. Ne5 Qe8 13. c4 Nd7 14. Nxd7 Qxd7
15. Nf3 f6 16. a4 dxc4 17. dxc4 Nf5 18. Bb2 Bc5 19. e4 Nd6 20. e5 Ne8 21. exf6
gxf6 22. Rad1 Qf7 23. Rxd8+ Kxd8 24. Qe4 Nd6 25. Qh4 Rf8 26. Ne5 Qg7 27. Ng4
Ne8 28. Re1 Qe7 29. Qxh6 Kc8 30. Qf4 e5 31. Qf5+ Kb8 32. f4 Nd6 33. Qd3 Qe6 34.
Ne3 exf4 35. Nc2 Qg4 36. Qf3 Qg6 37. Rc1 fxg3 38. hxg3 Nxc4 39. Bd4 Bxd4 40.
Nxd4 Ne5 41. Qd5 Nd3 42. Rf1 Rg8 43. Qf3 Ne5 44. Qf4 Qd3 45. Nf3 Ng4 46. Re1
Qc2+ 47. Nd2 f5 48. Re7 Rd8 49. Re2 Rh8 50. Qc4 Qd1 51. Nf3 Qh1# 0-1

[Event "C.N. copii, juniori, tineret - Fete 20 "]
[Site "Calimanesti"]
[Date "2018.03.28"]
[Round "2.3"]
[White "Stanciu, Ioana-Georgiana"]
[Black "Morar, Maria-Magdalena"]
[Result "1-0"]
[WhiteElo "1999"]
[BlackElo "1500"]
[PlyCount "83"]
[EventDate "2018.03.27"]
[EventRounds "7"]

1. e4 c5 2. Nf3 a6 3. c3 e6 4. d4 d5 5. e5 cxd4 6. cxd4 Qb6 7. Nc3 Nc6 8. Bd3
Bb4 9. a3 Bxc3+ 10. bxc3 Bd7 11. O-O Rc8 12. a4 Na5 13. Ba3 Rxc3 14. Qd2 Qb3
15. Rfb1 Rxd3 16. Qxa5 Qc3 17. Bb4 Qc8 18. Re1 Qd8 19. Qc5 Qe7 20. Qb6 Qd8 21.
Qxb7 Ne7 22. Qxa6 Rb3 23. Rab1 Rxb1 24. Rxb1 O-O 25. a5 Re8 26. Qd3 Nc6 27. Qa3
Nxb4 28. Qxb4 Qa8 29. Qb6 Rc8 30. h3 h6 31. a6 Kh7 32. a7 Kg6 33. Nd2 Kf5 34.
Nb3 Qc6 35. Qa5 Ra8 36. Nc5 Bc8 37. Rb8 h5 38. Rxa8 Qxa8 39. Qc7 Kg6 40. Qb8
Qc6 41. a8=Q Bb7 42. Qaxb7 1-0

[Event "C.N. copii, juniori, tineret - Fete 20 "]
[Site "Calimanesti"]
[Date "2018.03.29"]
[Round "3.3"]
[White "Coman, Emilia-Florentina"]
[Black "Stanciu, Ioana-Georgiana"]
[Result "1/2-1/2"]
[WhiteElo "1836"]
[BlackElo "1999"]
[PlyCount "23"]
[EventDate "2018.03.27"]
[EventRounds "7"]

1. d4 Nf6 2. c4 c5 3. d5 b5 4. cxb5 a6 5. bxa6 Bxa6 6. Nc3 g6 7. e4 Bxf1 8.
Kxf1 d6 9. g3 Bg7 10. Kg2 O-O 11. Nf3 Nbd7 12. a4 1/2-1/2

[Event "C.N. copii, juniori, tineret - Fete 20 "]
[Site "Calimanesti"]
[Date "2018.03.30"]
[Round "4.2"]
[White "Stanciu, Ioana-Georgiana"]
[Black "Ciungan, Diana Alexandra"]
[Result "1-0"]
[WhiteElo "1999"]
[BlackElo "1913"]
[PlyCount "81"]
[EventDate "2018.03.27"]
[EventRounds "7"]

1. e4 e6 2. d4 d5 3. Nc3 Bb4 4. a3 Bf8 5. e5 b6 6. Nf3 Ne7 7. Bd3 Ba6 8. Bxa6
Nxa6 9. Qd3 Qc8 10. O-O Nf5 11. Re1 Be7 12. Kh1 Qb7 13. Nxd5 Qxd5 14. Qxa6 O-O
15. Qd3 Rad8 16. c4 Qd7 17. d5 Nh4 18. Ng5 Ng6 19. Qh3 Bxg5 20. Bxg5 exd5 21.
Bxd8 Qxd8 22. cxd5 Qxd5 23. Rad1 Qb5 24. Qc3 c5 25. h3 Nf4 26. b4 Ne6 27. Rd5
cxb4 28. Qd2 Qc4 29. axb4 h6 30. Rd7 Ra8 31. Ra1 a5 32. Qd5 Qc8 33. Qb7 Qf8 34.
Rxf7 Qxf7 35. Qxa8+ Kh7 36. Qe4+ Kg8 37. Qa8+ Kh7 38. Qe4+ Kg8 39. Kg1 axb4 40.
Ra8+ Nf8 41. Qxb4 1-0

[Event "C.N. copii, juniori, tineret - Fete 20 "]
[Site "Calimanesti"]
[Date "2018.03.31"]
[Round "5.4"]
[White "Ardelean, Lorela-Daniela"]
[Black "Stanciu, Ioana-Georgiana"]
[Result "1/2-1/2"]
[WhiteElo "1841"]
[BlackElo "1999"]
[PlyCount "110"]
[EventDate "2018.03.27"]
[EventRounds "7"]

1. d4 d5 2. Nc3 Nf6 3. Bf4 c5 4. e3 a6 5. a3 cxd4 6. exd4 Nc6 7. Nf3 Bg4 8. Be2
e6 9. h3 Bxf3 10. Bxf3 Bd6 11. Qd2 O-O 12. O-O Bxf4 13. Qxf4 Qb6 14. Ne2 Rac8
15. Rab1 Na5 16. c3 Nc4 17. Qc1 Qd6 18. Re1 b5 19. Nf4 a5 20. Nd3 Nd7 21. g3
Rc7 22. b4 axb4 23. axb4 Ra8 24. Nc5 Rca7 25. Be2 Ndb6 26. Bd3 Ra3 27. Rb3 Ra2
28. Re2 Rxe2 29. Bxe2 e5 30. Rb1 Ra2 31. Bxc4 dxc4 32. Ra1 Rxa1 33. Qxa1 exd4
34. cxd4 h6 35. h4 Nd5 36. Qe1 Qe7 37. Qxe7 Nxe7 38. Ne4 Nc6 39. d5 Nxb4 40.
Nc3 Kf8 41. d6 Ke8 42. Nxb5 Kd7 43. Kf1 Nd5 44. Ke2 Nb6 45. Kd2 Kc6 46. d7 Nxd7
47. Nd4+ Kd5 48. Nf5 g6 49. Nxh6 f6 50. Ng4 Kd4 51. Ne3 Nc5 52. Nc2+ Kd5 53. g4
Ke5 54. h5 gxh5 55. gxh5 Kf5 1/2-1/2

[Event "C.N. copii, juniori, tineret - Fete 20 "]
[Site "Calimanesti"]
[Date "2018.04.01"]
[Round "6.1"]
[White "Bejan, Clarisa-Iustina"]
[Black "Stanciu, Ioana-Georgiana"]
[Result "0-1"]
[WhiteElo "1518"]
[BlackElo "1999"]
[PlyCount "86"]
[EventDate "2018.03.27"]
[EventRounds "7"]

1. d4 d5 2. c4 c6 3. Nc3 Nf6 4. Nf3 Nbd7 5. e3 e6 6. Qc2 a6 7. cxd5 exd5 8. Bd3
Bd6 9. Rb1 Qe7 10. a3 a5 11. O-O O-O 12. Nh4 g6 13. g3 Re8 14. f4 Ne4 15. f5 g5
16. Ng2 Ndf6 17. Nxe4 Nxe4 18. Qe2 Qf6 19. Qg4 Kh8 20. Ne1 Bd7 21. Qh3 g4 22.
Qh4 Qxh4 23. gxh4 g3 24. hxg3 Bxg3 25. Bxe4 Rxe4 26. h5 Rg8 27. Ng2 Reg4 28. b4
Bd6 29. Rb2 axb4 30. axb4 Rh4 31. h6 Rh5 32. f6 Bf5 33. b5 Be4 34. Rff2 Rxh6
35. bxc6 bxc6 36. Rb6 Bh2+ 37. Kf1 Bxg2+ 38. Rxg2 Rxf6+ 39. Rf2 Rg1+ 40. Ke2
Rxf2+ 41. Kxf2 Rxc1 42. Kg2 Bg1 43. Rb7 Kg7 0-1

[Event "C.N. copii, juniori, tineret - Fete 20 "]
[Site "Calimanesti"]
[Date "2018.04.02"]
[Round "7.4"]
[White "Stanciu, Ioana-Georgiana"]
[Black "Cimpean, Andra"]
[Result "1/2-1/2"]
[WhiteElo "1999"]
[BlackElo "1881"]
[PlyCount "54"]
[EventDate "2018.03.27"]
[EventRounds "7"]

1. e4 Nf6 2. e5 Nd5 3. d4 d6 4. Nf3 Bg4 5. Bc4 c6 6. O-O dxe5 7. dxe5 e6 8. h3
Bxf3 9. Qxf3 Nd7 10. Qg3 Qc7 11. Re1 Ne7 12. Bd3 Ng6 13. Bxg6 hxg6 14. Nc3 Rh5
15. Bf4 O-O-O 16. Ne4 Qa5 17. Ng5 Be7 18. Nxf7 Rf8 19. Nd6+ Bxd6 20. exd6 e5
21. Qxg6 Rhf5 22. Be3 Qb4 23. b3 Qc3 24. Rac1 e4 25. Qe6 Re5 26. Qg6 Ref5 27.
Qe6 Re5 1/2-1/2

[Event "Camp. rumeno fem 2017"]
[Site "Calimanesti-Caciulata ROM"]
[Date "2017.03.26"]
[Round "2.6"]
[White "Stanciu, Ioana-Georgiana"]
[Black "Ciocan, Maria Alexandra"]
[Result "1-0"]
[WhiteElo "2029"]
[BlackElo "1897"]
[PlyCount "63"]
[EventDate "2017.03.25"]

1. e4 e6 2. d4 d5 3. Nc3 Nf6 4. e5 Nfd7 5. f4 c5 6. Nf3 Nc6 7. Be3 cxd4 8. Nxd4
Bc5 9. Qd2 O-O 10. Qf2 Bxd4 11. Bxd4 a6 12. Be3 b5 13. Bd3 Bb7 14. O-O Rc8 15.
Ne2 Nb4 16. Nd4 Nc5 17. Rad1 Nbxd3 18. cxd3 Qe7 19. f5 f6 20. exf6 gxf6 21. b4
Na4 22. Bh6 e5 23. Bxf8 Rxf8 24. Ne6 Rc8 25. d4 e4 26. Rc1 Rc4 27. Qg3+ Kf7 28.
Qg7+ Ke8 29. Qg8+ Kd7 30. Qb8 Bc8 31. Rxc4 bxc4 32. Qc7+ 1-0

[Event "Camp. rumeno fem 2017"]
[Site "Calimanesti-Caciulata ROM"]
[Date "2017.03.29"]
[Round "5.6"]
[White "Didiliuc, Dariana Gabriela"]
[Black "Stanciu, Ioana-Georgiana"]
[Result "0-1"]
[WhiteElo "1876"]
[BlackElo "2029"]
[PlyCount "74"]
[EventDate "2017.03.25"]

1. d4 Nf6 2. c4 g6 3. Nc3 Bg7 4. e4 d6 5. Be2 O-O 6. Be3 e5 7. d5 a5 8. g4 c6
9. g5 Ne8 10. h4 Na6 11. h5 Bd7 12. Qd2 Nc5 13. O-O-O cxd5 14. cxd5 b5 15. f3
b4 16. Nb5 Qb6 17. a4 bxa3 18. Nxa3 Nb3+ 19. Kc2 Rc8+ 20. Bc4 Nxd2 21. Bxb6
Nxc4 22. Nxc4 Rxc4+ 23. Kb1 a4 24. Bd8 Nc7 25. Be7 Re8 26. Bxd6 Bf8 27. Bxf8
Rxf8 28. Rd2 Kg7 29. hxg6 fxg6 30. Rdh2 Rh8 31. Ne2 Nb5 32. Nc1 Nd4 33. Rf1 Bb5
34. Rff2 Rc7 35. f4 exf4 36. Rxf4 Nb3 37. Na2 Bd3+ 0-1

[Event "Camp. rumeno fem 2017"]
[Site "Calimanesti-Caciulata ROM"]
[Date "2017.03.31"]
[Round "7.7"]
[White "Balan, Briana-Cleopatra"]
[Black "Stanciu, Ioana-Georgiana"]
[Result "1-0"]
[WhiteElo "1806"]
[BlackElo "2029"]
[PlyCount "27"]
[EventDate "2017.03.25"]

1. d4 Nf6 2. Nc3 d5 3. Bg5 e6 4. e4 dxe4 5. Nxe4 Be7 6. Nxf6+ Bxf6 7. Be3 Qe7
8. c3 e5 9. dxe5 Bxe5 10. Nf3 Bf4 11. Qa4+ Nc6 12. Qxf4 h6 13. Bb5 g5 14. Qe5
1-0

[Event "Camp. rumeno fem 2017"]
[Site "Calimanesti-Caciulata ROM"]
[Date "2017.04.01"]
[Round "8.9"]
[White "Stanciu, Ioana-Georgiana"]
[Black "Cristocea, Gabriela"]
[Result "0-1"]
[WhiteElo "2029"]
[BlackElo "1498"]
[PlyCount "106"]
[EventDate "2017.03.25"]

1. e4 e6 2. d4 d5 3. Nc3 Nc6 4. Nf3 Nf6 5. e5 Ne4 6. Bd3 Bb4 7. Bd2 Nxd2 8.
Qxd2 Bd7 9. a3 Be7 10. Ne2 f6 11. Nf4 fxe5 12. dxe5 Bg5 13. h4 Bxf4 14. Qxf4
Qe7 15. Ng5 g6 16. h5 O-O-O 17. O-O-O Rdf8 18. Qe3 h6 19. Nf3 g5 20. Kb1 Qf7
21. Rde1 Qf4 22. Qe2 Nd4 23. Nxd4 Qxd4 24. f3 g4 25. Rhf1 g3 26. c3 Qf4 27. Rh1
c5 28. Rh3 Rhg8 29. Bc2 Rg5 30. Qe3 Qxe3 31. Rxe3 Rf4 32. Re1 Be8 33. Reh1 Rxe5
34. Rxg3 Rxh5 35. Rxh5 Bxh5 36. Rh3 Be8 37. Rxh6 Kd7 38. Kc1 b5 39. Rh8 Ke7 40.
Kd2 a5 41. Ke3 Rf6 42. f4 d4+ 43. cxd4 cxd4+ 44. Kxd4 Rxf4+ 45. Ke3 Rg4 46.
Rh7+ Kd6 47. Kf3 Rd4 48. Ke3 Rg4 49. Be4 Rxe4+ 50. Kf3 Re1 51. g4 Bg6 52. Kf2
Bxh7 53. Kxe1 Ke5 0-1

[Event "Finala Campionatului National individua"]
[Site "Calimanesti"]
[Date "2017.03.25"]
[Round "1.10"]
[White "Porcoleanu, Doina Olga"]
[Black "Stanciu, Ioana-Georgiana"]
[Result "0-1"]
[WhiteElo "1584"]
[BlackElo "2029"]
[PlyCount "92"]
[EventDate "2017.03.25"]
[EventRounds "9"]

1. d4 Nf6 2. Nf3 g6 3. e3 Bg7 4. c4 O-O 5. Nc3 b6 6. Be2 Bb7 7. O-O d6 8. d5 e6
9. e4 exd5 10. exd5 Nbd7 11. Nd4 Ne5 12. f4 Ned7 13. Bf3 Re8 14. Nde2 Nc5 15.
Qc2 a5 16. b3 Bc8 17. Ng3 Bg4 18. Bd2 Bxf3 19. gxf3 Nfd7 20. Rae1 Qh4 21. Kg2
f5 22. Nb5 Na6 23. a3 Nf6 24. Rxe8+ Rxe8 25. Qd1 Bh6 26. Ne2 Nh5 27. Be1 Qe7
28. Nbd4 Nxf4+ 29. Nxf4 Bxf4 30. Ne6 Be5 31. Bg3 Bb2 32. Re1 Qd7 33. a4 Nc5 34.
Nxc5 bxc5 35. Re2 Bc3 36. Be1 Bb4 37. Bxb4 cxb4 38. Qe1 Kf7 39. Rxe8 Qxe8 40.
Qxe8+ Kxe8 41. f4 Ke7 42. Kf3 Kf6 43. h3 g5 44. Kg3 gxf4+ 45. Kxf4 h6 46. h4 h5
0-1

[Event "Finala Campionatului National individua"]
[Site "Calimanesti"]
[Date "2017.03.27"]
[Round "3.1"]
[White "Peptan, Corina Isabela"]
[Black "Stanciu, Ioana-Georgiana"]
[Result "1-0"]
[WhiteElo "2390"]
[BlackElo "2029"]
[PlyCount "99"]
[EventDate "2017.03.25"]
[EventRounds "9"]

1. e4 c5 2. c3 d5 3. exd5 Qxd5 4. d4 g6 5. Nf3 Bg7 6. dxc5 Qxc5 7. Be3 Qa5 8.
Bc4 Nf6 9. Bf1 Ng8 10. Bc4 Nf6 11. Qb3 O-O 12. Ng5 e6 13. h3 Nc6 14. O-O Qc7
15. Be2 h6 16. Nf3 e5 17. Na3 Be6 18. c4 Rad8 19. Nb5 Qb8 20. Bc5 Rfe8 21. Rfd1
Ne4 22. Be3 f5 23. Rxd8 Rxd8 24. Rd1 a6 25. Na3 Nd4 26. Bxd4 exd4 27. Qc2 Ng5
28. Nxg5 hxg5 29. Qd3 Qf4 30. b3 Qh4 31. Nc2 Kf7 32. Qg3 Qxg3 33. fxg3 Be5 34.
Kf2 f4 35. g4 Ke7 36. Bd3 Kf7 37. Ne1 b6 38. Nf3 Bf6 39. Re1 Bd7 40. Ne5+ Bxe5
41. Rxe5 Bc6 42. Rxg5 Rd6 43. c5 bxc5 44. Rxc5 Kf6 45. g5+ Kg7 46. Re5 Bd5 47.
h4 Kf7 48. Rxd5 Rxd5 49. Bc4 Ke6 50. h5 1-0

[Event "Finala Campionatului National individua"]
[Site "Calimanesti"]
[Date "2017.03.28"]
[Round "4.2"]
[White "Stanciu, Ioana-Georgiana"]
[Black "Cosma, Elena Luminita"]
[Result "0-1"]
[WhiteElo "2029"]
[BlackElo "2313"]
[PlyCount "110"]
[EventDate "2017.03.25"]
[EventRounds "9"]

1. e4 e6 2. d4 d5 3. Nc3 Nf6 4. e5 Nfd7 5. f4 c5 6. Nf3 Nc6 7. Be3 a6 8. Qd2
Be7 9. dxc5 Qa5 10. Be2 Bxc5 11. O-O O-O 12. a3 Qb6 13. Bxc5 Nxc5 14. Kh1 d4
15. Nd1 a5 16. Qe1 Bd7 17. Qh4 Qd8 18. Qg3 f5 19. Nf2 Qb6 20. b3 Rad8 21. Nd2
Qc7 22. Nc4 Ne7 23. Nd6 Nc8 24. b4 Na4 25. Nxc8 Qxc8 26. Nd3 Bb5 27. Rfc1 Nc3
28. Bf3 b6 29. Nb2 Qc7 30. Qf2 Rf7 31. Nd1 Ne4 32. Qe1 g5 33. Nf2 Nxf2+ 34.
Qxf2 gxf4 35. Bh5 Rg7 36. Qxf4 Bc6 37. Bf3 Kh8 38. Bxc6 Qxc6 39. Qf3 Rc7 40.
Qf4 Rg8 41. Rg1 Rg4 42. Qh6 Rcg7 43. Qd2 Qd5 44. Rae1 axb4 45. axb4 Re4 46. Ra1
Rxe5 47. Ra6 b5 48. Rga1 Rg8 49. Ra7 Re3 50. Qf2 Qe4 51. Rg1 Re2 52. Qf1 Rxc2
53. Re7 Re2 54. Rd7 e5 55. Rc7 d3 0-1

[Event "Finala Campionatului National individua"]
[Site "Calimanesti"]
[Date "2017.03.30"]
[Round "6.5"]
[White "Stanciu, Ioana-Georgiana"]
[Black "Sandu, Mihaela"]
[Result "0-1"]
[WhiteElo "2029"]
[BlackElo "2261"]
[PlyCount "88"]
[EventDate "2017.03.25"]
[EventRounds "9"]

1. e4 c5 2. Nf3 e6 3. g3 Nc6 4. Bg2 Nge7 5. O-O d5 6. exd5 Nxd5 7. d4 Be7 8. c4
Nf6 9. dxc5 O-O 10. a3 a5 11. Nc3 Nd7 12. Nb5 Bxc5 13. Re1 Qb6 14. Be3 Nf6 15.
Bxc5 Qxc5 16. Qe2 Bd7 17. Rad1 Rad8 18. Nd6 Bc8 19. Nb5 e5 20. h3 Be6 21. Rc1
e4 22. Nd2 e3 23. fxe3 Qe5 24. Nf1 Ne4 25. Kh2 h5 26. Nd4 h4 27. Bxe4 Qxe4 28.
Nf3 Ne5 29. Nxe5 Qxe5 30. b4 Rd7 31. Red1 Rfd8 32. Rxd7 Rxd7 33. Qf2 Rd3 34.
bxa5 Rxa3 35. Qd2 Kh7 36. Rc2 hxg3+ 37. Kg1 Qg5 38. h4 Qg6 39. Qd6 Ra4 40. Qxg3
Qf6 41. Qf2 Rb4 42. Qe1 g6 43. c5 Rxh4 44. Nd2 Bd5 0-1

[Event "Campionatul National de sah al Romaniei"]
[Site "Baile Felix"]
[Date "2017.02.02"]
[Round "1.1"]
[White "Stanciu, Ioana-Georgiana"]
[Black "Ardelean, Lorela-Daniela"]
[Result "0-1"]
[WhiteElo "2046"]
[BlackElo "1846"]
[PlyCount "88"]
[EventDate "2017.02.02"]
[EventRounds "9"]

1. e4 c5 2. Nf3 Nc6 3. g3 g6 4. Bg2 Bg7 5. O-O d5 6. exd5 Qxd5 7. Nc3 Qd8 8. d3
Nf6 9. Re1 O-O 10. Bf4 Nh5 11. Bd2 Rb8 12. Qc1 Re8 13. Ne4 b6 14. Bh6 Bh8 15.
Nfg5 Ne5 16. h3 f5 17. Nc3 Bb7 18. Qe3 e6 19. Bxb7 Rxb7 20. g4 fxg4 21. hxg4
Nxg4 22. Qf3 Nxh6 23. Qxb7 Qxg5+ 24. Qg2 Qf5 25. Re4 Nf4 26. Qh2 Be5 27. Rxe5
Qxe5 28. Qxh6 Ne2+ 29. Nxe2 Qxe2 30. Kg2 Qxc2 31. Rh1 Re7 32. Qh4 Rf7 33. Qd8+
Kg7 34. Qh4 h5 35. Qg3 Qxb2 36. Re1 Qxa2 37. Qe5+ Kh7 38. Qe3 a5 39. Re2 Qd5+
40. Kg1 Rf5 41. Qh3 a4 42. Re4 b5 43. Qe3 e5 44. f4 exf4 0-1

[Event "Campionatul National de sah al Romaniei"]
[Site "Baile Felix"]
[Date "2017.02.03"]
[Round "2.2"]
[White "Ciungan, Diana Alexandra"]
[Black "Stanciu, Ioana-Georgiana"]
[Result "1-0"]
[WhiteElo "1926"]
[BlackElo "2046"]
[PlyCount "73"]
[EventDate "2017.02.02"]
[EventRounds "9"]

1. e4 c5 2. Nf3 Nc6 3. d4 cxd4 4. Nxd4 Nf6 5. Nc3 e5 6. Ndb5 d6 7. Bg5 a6 8.
Na3 b5 9. Nd5 Be7 10. Bxf6 Bxf6 11. c3 Bg5 12. Nc2 Rb8 13. a4 bxa4 14. Ncb4
Nxb4 15. Nxb4 Bd7 16. Bxa6 Qa5 17. Qxd6 Rb6 18. Qd5 Rxa6 19. Nxa6 Qxa6 20.
Qxe5+ Be7 21. Qxg7 Bf6 22. Qg3 Qb5 23. Qd6 Be5 24. Qd5 Qb8 25. Rd1 Qc7 26. Qa8+
Ke7 27. Qd5 Rb8 28. O-O Rxb2 29. f4 Be6 30. Qxe5 Qxe5 31. fxe5 a3 32. Rf2 Rb5
33. Ra1 a2 34. Rfxa2 Bxa2 35. Rxa2 Rxe5 36. Kf2 Rxe4 37. Re2 1-0